000 00585nam a2200229Ia 4500
003 OSt
005 20220928135719.0
006 a|||||r|||| 00| 0
007 ta
008 220927b |||||||| |||| 00| 0 eng d
024 _a4617
037 _cTextual
040 _aSDCL
_cSDCL
_beng
041 _2eng
_aeng
082 _aX:545-8.2'N8, M9
100 _aWali B M
_9492632
245 0 _aExport management
260 _c1989
700 _a Kalkundrikar A B
_9492633
942 _hX:545-8.2'N8, M9
_cTEXL
_2CC
999 _c808257
_d808257